| 000 | 00578nam a2200193 a 4500 | ||
|---|---|---|---|
| 001 | 2022967 | ||
| 003 | AM-YeHGA | ||
| 005 | 20251020145904.0 | ||
| 008 | 250617s1972 rm |||||||||||||||0|fre|d | ||
| 040 | _aAM-YeHGA | ||
| 041 | 0 | _afre | |
| 100 | 1 | _aMoisil, Grigore C. | |
| 245 | 1 | 0 |
_aEssais sur les logiques non chrysippiennes / _cGr.C. Moisil. |
| 260 |
_aBucarest : _bÉditions de l'Académie de la République Socialiste de Roumanie, _c1972. |
||
| 300 | _a821 p. | ||
| 504 | _aBibliography: p. [753]-794. | ||
| 650 | 1 | 4 | _aLogic, Symbolic and mathematical |
| 942 |
_2udc _cBK |
||
| 999 |
_c535417 _d535417 |
||